<?xml version="1.0" encoding="UTF-8"?>
<record
    xmlns:xsi="http://www.w3.org/2001/XMLSchema-instance"
    xsi:schemaLocation="http://www.loc.gov/MARC21/slim http://www.loc.gov/standards/marcxml/schema/MARC21slim.xsd"
    xmlns="http://www.loc.gov/MARC21/slim">

  <leader>02702nam a22001697a 4500</leader>
  <controlfield tag="003">SGT</controlfield>
  <datafield tag="020" ind1=" " ind2=" ">
    <subfield code="a">9789351392743</subfield>
  </datafield>
  <datafield tag="082" ind1=" " ind2=" ">
    <subfield code="a">344.10352</subfield>
  </datafield>
  <datafield tag="100" ind1=" " ind2=" ">
    <subfield code="a">AHUJA,GIRISH</subfield>
  </datafield>
  <datafield tag="245" ind1=" " ind2=" ">
    <subfield code="a">SYSTEMATIC APPROACH TO TAXATION,CONTAINING INCOME TAX &amp; INDIRECT TAXES</subfield>
  </datafield>
  <datafield tag="250" ind1=" " ind2=" ">
    <subfield code="a">34TH</subfield>
  </datafield>
  <datafield tag="260" ind1=" " ind2=" ">
    <subfield code="a">NEW DELHI</subfield>
    <subfield code="b">BHARAT</subfield>
    <subfield code="c">2015</subfield>
  </datafield>
  <datafield tag="300" ind1=" " ind2=" ">
    <subfield code="a">768</subfield>
  </datafield>
  <datafield tag="650" ind1=" " ind2=" ">
    <subfield code="a">INCOME TAX &amp; INDIRECT TAXES </subfield>
  </datafield>
  <datafield tag="653" ind1=" " ind2=" ">
    <subfield code="a">CHAPTER 1        INTRODUCTION                         SUMMARISED PROVISIONS                         MULTIPLE CHOICE QUESTIONS                         FILL IN THE BLANKS                         PRACTICAL PROBLEMS CHAPTER 2        SCOPE OF TOTAL INCOME &amp; RESIDENTIAL STATUS                         SUMMARISED PROVISIONS                         MULTIPLE CHOICE QUESTIONS FOR RECAPITULATION                         FILL IN THE BLANKS                         PRACTICAL PROBLEMS CHAPTER 3        INCOMES WHICH DO NOT FORM PART OF TOTAL INCOME                         SUMMARISED PROVISIONS                         MULTIPLE CHOICE QUESTIONS FOR RECAPITULATION                         FILL IN THE BLANKS                         PRACTICAL PROBLEMS CHAPTER 4        INCOME UNDER THE HEAD "SALARIES" SUMMARISED PROVISIONS MULTIPLE CHOICE QUESTIONS FOR RECAPITULATION                         FILL IN THE BLANKS PRACTICAL PROBLEMS CHAPTER 5        INCOME UNDER THE HEAD "INCOME FROM HOUSE PROPERTY" SUMMARISED PROVISIONS MULTIPLE CHOICE QUESTIONS FOR RECAPITULATION                         FILL IN THE BLANKS PRACTICAL PROBLEMS CHAPTER 6        INCOME UNDER THE HEAD "PROFITS AND GAINS OF BUSINESS OR PROFESSION" SUMMARISED PROVISIONS MULTIPLE CHOICE QUESTIONS FOR RECAPITULATION                         FILL IN THE BLANKS PRACTICAL PROBLEMS CHAPTER 7        INCOME UNDER THE HEAD "CAPITAL GAINS" SUMMARISED PROVISIONS MULTIPLE CHOICE QUESTIONS FOR RECAPITULATION                         FILL IN THE BLANKS PRACTICAL PROBLEMS CHAPTER 8        INCOME UNDER THE HEAD "INCOME FROM OTHER SOURCES" SUMMARISED PROVISIONS MULTIPLE CHOICE QUESTIONS FOR RECAPITULATION                         FILL IN THE BLANKS PRACTICAL PROBLEMS CHAPTER 9        INCOME OF OTHER PERSONS INCLUDED IN ASSESSEE'S TOTAL INCOME (CLUBBING OF INCOME) SUMMARISED PROVISIONS MULTIPLE CHOICE QUESTIONS FOR RECAPITULATION                  FILL IN THE BLANKS PRACTICAL PROBLEMS CHAPTER 10      SET OFF OR CARRY FORWARD AND SET OFF OF LOSSES SUMMARISED PROVISIONS MULTIPLE CHOICE QUESTIONS FOR RECAPITULATION                         FILL IN THE BLANKS PRACTICAL PROBLEMS CHAPTER 11      DEDUCTIONS TO BE MADE IN COMPUTING TOTAL INCOME SUMMARISED PROVISIONS MULTIPLE CHOICE QUESTIONS FOR RECAPITULATION  FILL IN THE BLANKS PRACTICAL PROBLEMS</subfield>
  </datafield>
  <datafield tag="942" ind1=" " ind2=" ">
    <subfield code="2">ddc</subfield>
    <subfield code="c">FCM</subfield>
    <subfield code="0">16</subfield>
  </datafield>
  <datafield tag="952" ind1=" " ind2=" ">
    <subfield code="0">0</subfield>
    <subfield code="1">0</subfield>
    <subfield code="2">ddc</subfield>
    <subfield code="4">0</subfield>
    <subfield code="7">0</subfield>
    <subfield code="8">CM</subfield>
    <subfield code="a">SSSL</subfield>
    <subfield code="b">SSSL</subfield>
    <subfield code="c">TXT</subfield>
    <subfield code="d">2016-06-24</subfield>
    <subfield code="e">KIRITI PRAKASHAN</subfield>
    <subfield code="g">850.00</subfield>
    <subfield code="i">SGTU</subfield>
    <subfield code="l">20</subfield>
    <subfield code="o">344.10352</subfield>
    <subfield code="p">CM843</subfield>
    <subfield code="r">2025-01-08 00:00:00</subfield>
    <subfield code="s">2024-12-23</subfield>
    <subfield code="w">2015-09-12</subfield>
    <subfield code="y">FCM</subfield>
    <subfield code="k">2906</subfield>
  </datafield>
  <datafield tag="952" ind1=" " ind2=" ">
    <subfield code="0">0</subfield>
    <subfield code="1">0</subfield>
    <subfield code="2">ddc</subfield>
    <subfield code="4">0</subfield>
    <subfield code="7">0</subfield>
    <subfield code="8">CM</subfield>
    <subfield code="a">SSSL</subfield>
    <subfield code="b">SSSL</subfield>
    <subfield code="c">TXT</subfield>
    <subfield code="d">2016-06-24</subfield>
    <subfield code="e">KIRITI PRAKASHAN</subfield>
    <subfield code="g">850.00</subfield>
    <subfield code="i">SGTU</subfield>
    <subfield code="l">32</subfield>
    <subfield code="o">344.10352</subfield>
    <subfield code="p">CM844</subfield>
    <subfield code="r">2025-01-08 00:00:00</subfield>
    <subfield code="s">2024-12-28</subfield>
    <subfield code="w">2015-09-12</subfield>
    <subfield code="y">FCM</subfield>
    <subfield code="k">2906</subfield>
  </datafield>
  <datafield tag="952" ind1=" " ind2=" ">
    <subfield code="0">0</subfield>
    <subfield code="1">0</subfield>
    <subfield code="2">ddc</subfield>
    <subfield code="4">0</subfield>
    <subfield code="7">1</subfield>
    <subfield code="8">CM</subfield>
    <subfield code="a">SSSL</subfield>
    <subfield code="b">SSSL</subfield>
    <subfield code="c">REF</subfield>
    <subfield code="d">2016-06-24</subfield>
    <subfield code="e">KIRITI PRAKASHAN</subfield>
    <subfield code="g">850.00</subfield>
    <subfield code="i">SGTU</subfield>
    <subfield code="o">344.10352</subfield>
    <subfield code="p">CM845</subfield>
    <subfield code="r">2016-06-24 00:00:00</subfield>
    <subfield code="w">2015-09-12</subfield>
    <subfield code="y">FCM</subfield>
    <subfield code="k">2906</subfield>
  </datafield>
  <datafield tag="999" ind1=" " ind2=" ">
    <subfield code="c">9218</subfield>
    <subfield code="d">9218</subfield>
  </datafield>
</record>
